000 01610nam a2200385 c 4500
003 BLK
005 20250707094716.0
008 180409b bul|||||r ||||||| ||bul||
010 _aKNG00143326000
020 _a978-619-150-042-0
_bиздат.: Колибри
040 _aBLK
041 _aBUL
_cBUL
072 7 _2bullib
_aН85
_xДетска художествена литература Н
080 _aФренска литература
_b821.133.1
_x-93-32
_z821.133.1-93-32
100 1 _aГосини, Рьоне
_eпърви автор
_955312
700 1 _aСемпе, Жан-Жак
_eсъавт.
_9119652
700 1 _aПройков, Венелин Йовков
_eпрев. от фр.
_9250480
139 _aГосини, Рьоне и др.
_bГ 70
245 1 0 _aМалкият Никола пътува
_cРьоне Госини; съавт. Жан-Жак Семпе; прев. от фр. Венелин Йовков Пройков.
257 _aFRA
260 София
_bКолибри
_c2012
_fСофия : Симолини
300 _a164 с.
_bс ил.
_c20 см
380 _aDX
500 _aОриг. загл. Le petit Nicolas voyage / Goscinny Sempe. - Съдържа и за авт. - Библиогр. с. 160-164.
653 _aповести
653 _aлитература за деца
653 _aдетска литература
659 _aН
852 _aЦб 259621
856 4 _qpdf
_u
856 4 _qpdf
_u
942 _cKNG
_n0
_024
944 _aCR
_c31.05.2013
_lРусанова Ирена
_k30542
944 _aED
_c03.10.2014
_lф /
_k
999 _c137357
_d137357